000 00414nam a22001337a 4500
020 _a9788122419047
082 _a551.49
_bRAG/GR
100 _aRaghunath,H.M
_9234
245 _aGround Water : Hydrolgeology.Ground Water Survey and Pumping tests.Rural Water Supply and Irrigation Systems
250 _a3rd
260 _aNew delhi
_bNew Age International (P) Limited, Publishers
_c2014
300 _a504
942 _cBK
999 _c14363
_d14363